La revolución democrática en Venezuela: documentos del gobierno presidido por Rómulo Betancourt 1959-1964

Guardat en:
Dades bibliogràfiques
Autor principal: Betancourt, Rómulo (Autor)
Format: Llibre
Idioma:espanyol
Publicat: Caracas n.a 1968
Matèries:
Etiquetes: Afegir etiqueta
Sense etiquetes, Sigues el primer a etiquetar aquest registre!

MARC

LEADER 00000nam a2200000 a 4500
001 UCO3765
003 CL-VaPUC
008 000720e19680000VE |||||||||||||||||spa|d
082 0 4 |a 987.0633  |b BET  |2 21 
100 0 |a Betancourt, Rómulo  |e author  |9 447670 
245 1 3 |a La revolución democrática en Venezuela: documentos del gobierno presidido por Rómulo Betancourt 1959-1964 
300 |a v 
942 |c BK 
945 |d 20000720 00:00:00  |a crobeson 
260 |a Caracas  |b n.a  |c 1968 
500 |a v.1-2: 1959-1961 
500 |a v.3: 1962-1963 
500 |a v.4: 1963-1964 
650 0 |a Historia de Venezuela  |y 1959-1964  |9 447671 
650 7 |a POLITICA Y GOBIERNO 1959-1964  |2 CL-VaPUC  |9 447672 
651 0 |a Venezuela  |9 254993 
583 |a last modification  |c 20121220 10:18:43  |k Rodrigo Vera 
999 |c 289896  |d 289894 
952 |0 0  |1 0  |4 0  |6 987_063300000000000_BET_1968  |7 0  |8 A  |9 338841  |a BIBHIS  |b BIBHIS  |d 2019-11-20  |h v.1  |i 120064K  |o 987.0633 BET 1968  |p 120064K  |r 2025-01-20  |w 2019-11-20  |y BK  |k HIS 
952 |0 0  |1 0  |4 0  |6 987_063300000000000_BET_1968  |7 0  |8 A  |9 338842  |a BIBHIS  |b BIBHIS  |d 2019-11-20  |h v.2  |i 1200658  |o 987.0633 BET 1968  |p 1200658  |r 2025-01-20  |w 2019-11-20  |y BK  |k HIS 
952 |0 0  |1 0  |4 0  |6 987_063300000000000_BET_1968  |7 0  |8 A  |9 338843  |a BIBHIS  |b BIBHIS  |d 2019-11-20  |h v.3  |i 1200666  |o 987.0633 BET 1968  |p 1200666  |r 2025-01-20  |w 2019-11-20  |y BK  |k HIS 
952 |0 0  |1 0  |4 0  |6 987_063300000000000_BET_1968  |7 0  |8 A  |9 338844  |a BIBHIS  |b BIBHIS  |d 2019-11-20  |h v.4  |i 1200674  |o 987.0633 BET 1968  |p 1200674  |r 2025-01-20  |w 2019-11-20  |y BK  |k HIS